World Strongest Man Winners - Statistics

General Stats
  • This quiz has been taken 18 times
  • The average score is 24 of 47
Answer Stats
Year Answer % Correct
2017 Eddie Hall
80%
2024 Tom Stoltman
80%
2022 Tom Stoltman
80%
2021 Tom Stoltman
80%
2016 Brian Shaw
70%
2015 Brian Shaw
70%
2013 Brian Shaw
70%
2011 Brian Shaw
70%
2018 Hafthor Bjornsson
70%
1982 Bill Kazmaier
60%
1981 Bill Kazmaier
60%
1980 Bill Kazmaier
60%
1989 Jamie Reeves
60%
1996 Magnus Ver Magnusson
60%
1995 Magnus Ver Magnusson
60%
1994 Magnus Ver Magnusson
60%
1991 Magnus Ver Magnusson
60%
2019 Martins Licis
60%
2023 Mitchell Hooper
60%
1990 Jon Pall Sigmarsson
50%
1988 Jon Pall Sigmarsson
50%
1986 Jon Pall Sigmarsson
50%
1984 Jon Pall Sigmarsson
50%
2020 Oleksii Novikov
50%
2014 Zydrunas Savickas
50%
2012 Zydrunas Savickas
50%
2010 Zydrunas Savickas
50%
2009 Zydrunas Savickas
50%
1985 Geoff Capes
40%
1983 Geoff Capes
40%
1999 Jouko Ahola
40%
1998 Magnus Samuelsson
40%
2008 Mariusz Pudzianowski
40%
2007 Mariusz Pudzianowski
40%
2005 Mariusz Pudzianowski
40%
2003 Mariusz Pudzianowski
40%
2002 Mariusz Pudzianowski
40%
2006 Phil Pfister
40%
1978 Bruce Wilhelm
30%
1977 Bruce Wilhelm
30%
1979 Don Reinhoudt
30%
1993 Gary Taylor
30%
1997 Jouka Ahola
30%
1992 Ted van der Parre
30%
2001 Svend Karlsen
20%
2004 Vasyl Virastyuk
20%
2000 Janne Virtanen
10%
No matching quizzes found
Score Distribution
Percent of People with Each Score
Percentile by Number Answered
Your Score History
You have not taken this quiz